Hutchins' small and major works UK building costs blackbook 2006 (Record no. 104514)

MARC details
000 -LEADER
fixed length control field 01012cam a2200229 4500
001 - CONTROL NUMBER
control field ##L130672
008 - FIXED-LENGTH DATA ELEMENTS--GENERAL INFORMATION
fixed length control field 050823n2006 000 0 eng u
020 ## - INTERNATIONAL STANDARD BOOK NUMBER
International Standard Book Number 1901856151
035 ## - SYSTEM CONTROL NUMBER
System control number (Sirsi) u130672
041 0# - LANGUAGE CODE
Language code of text/sound track or separate title eng
050 04 - LIBRARY OF CONGRESS CALL NUMBER
Classification number 692.5 $2 18
110 0# - MAIN ENTRY--CORPORATE NAME
Corporate name or jurisdiction name as entry element Franklin and Andrews
9 (RLIN) 2518
245 00 - TITLE STATEMENT
Title Hutchins' small and major works UK building costs blackbook 2006
260 ## - PUBLICATION, DISTRIBUTION, ETC.
Place of publication, distribution, etc. London
Name of publisher, distributor, etc. Franklin and Andrews
Date of publication, distribution, etc. 2006
300 ## - PHYSICAL DESCRIPTION
Extent xxviii, 796p.
Dimensions 25cm.
350 ## - PRICE (NR) (BK AM CF MU VM SE) [OBSOLETE]
Price 84 00
520 ## - SUMMARY, ETC.
Summary, etc. Combines both "Hutchins' small works" and "Hutchins' major works" into one comprehensive volume. Small works is measured consistent with a trade based structured format and major works in accordance with the SMM7 measurement rules. Provides a comprehensive database of building cost information and includes approximate estimating, location factors for UK regions and for international settings, and memoranda.
590 ## - LOCAL NOTE (RLIN)
Local note IKA111005
690 ## - LOCAL SUBJECT ADDED ENTRY--TOPICAL TERM (OCLC, RLIN)
Topical term or geographic name as entry element BUILT ENVIRONMENT-BUILDING COSTS
942 ## - ADDED ENTRY ELEMENTS (KOHA)
Suppress in OPAC 0
Holdings
Withdrawn status Lost status Source of classification or shelving scheme Damaged status Not for loan Home library Current library Shelving location Date acquired Cost, normal purchase price Total Checkouts Full call number Barcode Date last seen Date last checked out Copy number Cost, replacement price Price effective from Koha item type
    Dewey Decimal Classification     London London Books 30/09/2005 71.40 12 692.5 HUT 30070734 06/08/2019 23/07/2009 1 71.40 06/08/2019 Book